[Event "Managua Hurtado Memorial 22nd"]
[Site "Managua"]
[Date "2022.12.28"]
[Round "5"]
[White "Espinoza, Jose"]
[Black "Acevedo, Guillermo"]
[Result "1-0"]
[WhiteElo "2070"]
[BlackElo "1868"]
[PlyCount "118"]
[EventDate "2022.12.26"]
[EventType "swiss"]
[EventRounds "9"]
[EventCountry "NCA"]
[SourceTitle "CBM 212 Extra"]
[Source "ChessBase"]
[SourceDate "2023.03.31"]
[SourceVersion "1"]
[SourceVersionDate "2023.03.31"]
[SourceQuality "1"]

1. e4 c5 2. Nf3 d6 3. d4 cxd4 4. Nxd4 Nf6 5. Nc3 a6 6. Bg5 e6 7. f4 h6 8. Bh4 Qb6 9. Rb1 Be7 10. Bf2 Qc7 11. Bd3 e5 12. Nf5 Bxf5 13. exf5 d5 14. fxe5 Qxe5+ 15. Qe2 Qxe2+ 16. Bxe2 Nc6 17. Bf3 Bb4 18. 0-0 Bxc3 19. bxc3 0-0-0 20. Rb6 Ne4 21. Bh4 f6 22. Bh5 Rd7 23. Re1 Nd6 24. Bg3 Nc4 25. Rbb1 N6e5 26. Rbd1 Rhd8 27. Bf2 Kc7 28. Rd4 Kc6 29. Kf1 b5 30. Bg3 Rc8 31. Kf2 Rcd8 32. h3 Rb7 33. Bf4 b4 34. Bxe5 fxe5 35. Rxc4+ dxc4 36. Bf3+ Kb6 37. Bxb7 Kxb7 38. cxb4 Kc6 39. Rxe5 Rd2+ 40. Re2 Rd5 41. g4 Kb5 42. Ke3 Kxb4 43. Rd2 Ra5 44. Kd4 c3 45. Rd3 Rxa2 46. Rxc3 Rb2 47. Rc4+ Kb5 48. Rc7 Kb6 49. Rxg7 Rxc2 50. Rg6+ Kb5 51. Rxh6 a5 52. Rh8 a4 53. Rb8+ Ka5 54. g5 Rg2 55. g6 a3 56. Ke5 a2 57. Ra8+ Kb4 58. Rxa2 Rxa2 59. g7 Re2+ 1-0

[Event "Managua Hurtado Memorial 22nd"]
[Site "Managua"]
[Date "2022.12.27"]
[Round "3"]
[White "Espinoza, Jose"]
[Black "Davila, Carlos"]
[Result "0-1"]
[WhiteElo "2070"]
[BlackElo "2196"]
[PlyCount "78"]
[EventDate "2022.12.26"]
[EventType "swiss"]
[EventRounds "9"]
[EventCountry "NCA"]
[SourceTitle "CBM 212 Extra"]
[Source "ChessBase"]
[SourceDate "2023.03.31"]
[SourceVersion "1"]
[SourceVersionDate "2023.03.31"]
[SourceQuality "1"]

1. e4 c5 2. Nf3 Nf6 3. e5 Nd5 4. Nc3 e6 5. Nxd5 exd5 6. d4 d6 7. Bb5+ Nc6 8. 0-0 Be7 9. c4 Be6 10. exd6 Qxd6 11. dxc5 Qxc5 12. Be3 Qd6 13. c5 Qc7 14. Nd4 0-0 15. Qh5 Bf6 16. Nxe6 fxe6 17. Bd3 g6 18. Qg4 Rae8 19. Bh6 Bg7 20. Bxg7 Qxg7 21. b4 a6 22. Rab1 e5 23. Rfe1 e4 24. Bf1 Qf7 25. Qe2 d4 26. Qc4 Kg7 27. Qxf7+ Rxf7 28. b5 axb5 29. Bxb5 Re5 30. Bxc6 bxc6 31. Rbd1 Rd7 32. Re2 d3 33. Re3 Rxc5 34. Rxe4 Rc2 35. a4 c5 36. Kf1 c4 37. Ra1 c3 38. Ke1 d2+ 39. Kd1 Rb2 0-1

[Event "Managua Olympiad Qual1"]
[Site "Managua"]
[Date "2022.05.21"]
[Round "6"]
[White "Espinoza, Jose"]
[Black "Davila, Carlos"]
[Result "0-1"]
[WhiteElo "2096"]
[BlackElo "2194"]
[PlyCount "69"]
[EventDate "2022.05.16"]
[EventType "tourn"]
[EventRounds "9"]
[EventCountry "NCA"]
[SourceTitle "EXT 2023"]
[Source "ChessBase"]
[SourceDate "2022.10.05"]
[SourceVersion "1"]
[SourceVersionDate "2022.10.05"]
[SourceQuality "1"]

1. e4 e5 2. Nf3 Nc6 3. d4 exd4 4. Nxd4 g6 5. Nc3 Bg7 6. Be3 Nge7 7. Bc4 0-0 8. Qd2 Na5 9. Be2 d5 10. Bh6 c5 11. Bxg7 Kxg7 12. exd5 cxd4 13. Qxd4+ f6 14. 0-0-0 Nf5 15. Qf4 Qd6 16. Qa4 b6 17. g4 Nh6 18. Rhe1 Bd7 19. Bb5 Bxg4 20. Rd4 Bf5 21. b4 Rfc8 22. Ne4 Qf4+ 23. Kb1 a6 24. Bd3 Nb7 25. d6 Nf7 26. d7 Rc7 27. b5 Qe5 28. bxa6 Nc5 29. Qb4 Nxd3 30. cxd3 Rxd7 31. Nd6 Qxd6 32. Rxd6 Nxd6 33. Ka1 Rxa6 34. Qb3 b5 35. Re2 0-1

[Event "Managua Hurtado Memorial"]
[Site "Managua"]
[Date "2021.12.29"]
[Round "7"]
[White "Espinoza, Jose"]
[Black "Simplina, Amor"]
[Result "0-1"]
[WhiteElo "2117"]
[BlackElo "2040"]
[PlyCount "66"]
[EventDate "2021.12.26"]
[EventType "tourn"]
[EventRounds "9"]
[EventCountry "NCA"]
[SourceTitle "CBM 206 Extra"]
[Source "ChessBase"]
[SourceDate "2022.03.31"]
[SourceVersion "1"]
[SourceVersionDate "2022.03.31"]
[SourceQuality "1"]

1. e4 c5 2. Nf3 d6 3. d4 cxd4 4. Nxd4 Nf6 5. Nc3 a6 6. Bg5 e6 7. f4 Qc7 8. Qf3 Nc6 9. 0-0-0 Bd7 10. Be2 Be7 11. Kb1 h6 12. Bh4 Rc8 13. f5 Ne5 14. Qh3 g5 15. Bxg5 Qb6 16. fxe6 fxe6 17. Rhf1 Rxc3 18. Qxc3 hxg5 19. Qe3 g4 20. h3 Rg8 21. Qh6 Nf7 22. Qe3 e5 23. Nf5 Qxe3 24. Nxe3 gxh3 25. gxh3 Bxh3 26. Rf3 Ng5 27. Rg3 Nfxe4 28. Bh5+ Kd7 29. Rgg1 Be6 30. Bg4 Rf8 31. Bxe6+ Kxe6 32. a4 Rf3 33. Rge1 Nf2 0-1

[Event "Managua Hurtado Memorial"]
[Site "Managua"]
[Date "2021.12.29"]
[Round "6"]
[White "Giron, Jorge Ernesto"]
[Black "Espinoza, Jose"]
[Result "1/2-1/2"]
[WhiteElo "2233"]
[BlackElo "2117"]
[PlyCount "93"]
[EventDate "2021.12.26"]
[EventType "tourn"]
[EventRounds "9"]
[EventCountry "NCA"]
[SourceTitle "CBM 206 Extra"]
[Source "ChessBase"]
[SourceDate "2022.03.31"]
[SourceVersion "1"]
[SourceVersionDate "2022.03.31"]
[SourceQuality "1"]

1. d4 Nf6 2. c4 g6 3. Nc3 Bg7 4. e4 d6 5. Nf3 0-0 6. h3 e5 7. d5 a5 8. Be3 Na6 9. Bd3 Nc5 10. Bc2 Nh5 11. g3 Bd7 12. Qd2 a4 13. 0-0-0 Qc8 14. g4 Nf4 15. Ne2 b5 16. cxb5 Bxb5 17. Nxf4 exf4 18. Bd4 Qa6 19. Bxg7 Kxg7 20. Nd4 Bc4 21. Qc3 Kg8 22. Kb1 Rfe8 23. Rhe1 Nd7 24. Nc6 Bb5 25. Bd3 Bxd3+ 26. Rxd3 Ne5 27. Nxe5 Rxe5 28. Qd2 Rb8 29. f3 a3 30. b3 Rb6 31. Rc1 c5 32. dxc6 Rxc6 33. Rxc6 Qxc6 34. Rxd6 Qb5 35. Rd8+ Kg7 36. Rd3 Rc5 37. Rc3 Rxc3 38. Qxc3+ Kh6 39. b4 Qe2 40. Qxa3 Qd1+ 41. Kb2 Qe2+ 42. Kb1 Qe1+ 43. Kc2 Qe2+ 44. Kc1 Qe1+ 45. Kb2 Qe2+ 46. Kb1 Qe1+ 47. Kb2 1/2-1/2

[Event "NCA-chT final"]
[Site "Managua"]
[Date "2021.10.30"]
[Round "7.2"]
[White "Espinoza, Jose"]
[Black "Simplina, Amor"]
[Result "1-0"]
[WhiteElo "2143"]
[BlackElo "2063"]
[PlyCount "39"]
[EventDate "2021.10.16"]
[EventType "team-tourn"]
[EventRounds "11"]
[EventCountry "NCA"]
[SourceTitle "EXT 2023"]
[Source "ChessBase"]
[SourceDate "2022.10.05"]
[SourceVersion "1"]
[SourceVersionDate "2022.10.05"]
[SourceQuality "1"]
[WhiteTeam "Academia Ramirez de Arellano"]
[BlackTeam "Clemente Guido"]
[WhiteTeamCountry "NCA"]
[BlackTeamCountry "NCA"]

1. e4 c5 2. Nf3 d6 3. d4 cxd4 4. Nxd4 Nf6 5. Nc3 a6 6. Bg5 e6 7. f4 Be7 8. Qf3 Qc7 9. 0-0-0 b5 10. Bxf6 gxf6 11. e5 Bb7 12. Qh5 Bc8 13. exf6 Bxf6 14. Bxb5+ Kf8 15. Ne4 Bxd4 16. Rxd4 axb5 17. Qh6+ Ke8 18. Nxd6+ Ke7 19. Qg5+ Kf8 20. Nxb5 1-0

[Event "NCA Selectivo II Etapa"]
[Site "Managua"]
[Date "2021.07.08"]
[Round "6"]
[White "Diego Martinez, Humberto Jose"]
[Black "Espinoza, Jose"]
[Result "1/2-1/2"]
[WhiteElo "2081"]
[BlackElo "2147"]
[PlyCount "144"]
[EventDate "2021.07.03"]
[EventType "tourn"]
[EventRounds "9"]
[EventCountry "NCA"]
[SourceTitle "EXT 2022"]
[Source "ChessBase"]
[SourceDate "2021.10.06"]
[SourceVersion "1"]
[SourceVersionDate "2021.10.06"]
[SourceQuality "1"]

1. d4 Nf6 2. c4 g6 3. Nc3 Bg7 4. e4 d6 5. f3 c6 6. Be3 a6 7. Bd3 b5 8. Nge2 Nbd7 9. Qd2 Rb8 10. 0-0 0-0 11. Rfd1 Re8 12. Rac1 Qa5 13. b3 Bb7 14. Ng3 e5 15. d5 cxd5 16. Nxd5 Qxd2 17. Nxf6+ Bxf6 18. Rxd2 Rbc8 19. Rcd1 b4 20. Bf1 Be7 21. Ne2 f5 22. exf5 gxf5 23. Bf2 Nc5 24. Ng3 Rf8 25. Re1 Rc7 26. Bd3 Bc8 27. Bc2 Kg7 28. Nf1 f4 29. Rdd1 Bb7 30. Nd2 a5 31. Be4 Nxe4 32. Nxe4 Bxe4 33. Rxe4 Ra8 34. g3 fxg3 35. Bxg3 a4 36. f4 exf4 37. Bxf4 axb3 38. axb3 Ra3 39. Re3 Kf7 40. Rf1 Kg6 41. Rg3+ Kh5 42. Rd1 Rc5 43. Bxd6 Bxd6 44. Rxd6 Rg5 45. Rd5 Rxd5 46. cxd5 Ra1+ 47. Kg2 Rd1 48. Rh3+ Kg4 49. Rxh7 Rxd5 50. h3+ Kg5 51. Rg7+ Kf5 52. Rg4 Rd2+ 53. Kf1 Rd3 54. Rxb4 Rxh3 55. Ke2 Ke5 56. Kd2 Kd5 57. Kc2 Kc5 58. Rb8 Rh2+ 59. Kc3 Rg2 60. b4+ Kc6 61. Kc4 Rg4+ 62. Kb3 Rg1 63. Rc8+ Kb6 64. Rc3 Rb1+ 65. Kc4 Rg1 66. Rh3 Rc1+ 67. Kb3 Rb1+ 68. Ka3 Ra1+ 69. Kb2 Rg1 70. Rh5 Rg3 71. Rc5 Rh3 72. Rg5 Rf3 1/2-1/2

[Event "NCA-ch final"]
[Site "Managua"]
[Date "2021.03.14"]
[Round "5"]
[White "Pilarte, Rene"]
[Black "Espinoza, Jose"]
[Result "1-0"]
[WhiteElo "2069"]
[BlackElo "2140"]
[PlyCount "101"]
[EventDate "2021.03.06"]
[EventType "tourn"]
[EventRounds "11"]
[EventCountry "NCA"]
[SourceTitle "EXT 2022"]
[Source "ChessBase"]
[SourceDate "2021.10.06"]
[SourceVersion "1"]
[SourceVersionDate "2021.10.06"]
[SourceQuality "1"]

1. Nf3 Nf6 2. g3 g6 3. Bg2 Bg7 4. 0-0 0-0 5. d4 d6 6. c4 Nc6 7. Nc3 e5 8. d5 Na5 9. Nd2 c5 10. Qc2 Bd7 11. b3 a6 12. Bb2 b5 13. e4 Bh6 14. Ne2 bxc4 15. Nxc4 Nxc4 16. bxc4 Qa5 17. f4 Ng4 18. Rf3 exf4 19. gxf4 f5 20. h3 Ba4 21. Qc3 Qxc3 22. Nxc3 fxe4 23. Nxe4 Bc2 24. Nxd6 Nf6 25. Rc1 Ba4 26. Re1 Nh5 27. f5 Bf4 28. Be5 Bxe5 29. Rxe5 Bc2 30. fxg6 hxg6 31. Rxf8+ Kxf8 32. Be4 Bxe4 33. Nxe4 Rb8 34. Nxc5 Rb1+ 35. Kf2 Nf4 36. Ne6+ Nxe6 37. Rxe6 Rc1 38. d6 Kf7 39. Re4 Rd1 40. c5 Rd5 41. Rc4 Ke8 42. Ke3 Rh5 43. c6 Rxh3+ 44. Kd4 Rh8 45. Kd5 Kd8 46. Ra4 a5 47. Ke6 Re8+ 48. Kf7 Re5 49. Rh4 Rf5+ 50. Kxg6 Rf8 51. Kg7 1-0

[Event "NCA-ch final"]
[Site "Managua"]
[Date "2021.03.07"]
[Round "2"]
[White "Espinoza Solano, Jose Nahum"]
[Black "Espinoza, Jose"]
[Result "1/2-1/2"]
[WhiteElo "2054"]
[BlackElo "2140"]
[PlyCount "63"]
[EventDate "2021.03.06"]
[EventType "tourn"]
[EventRounds "11"]
[EventCountry "NCA"]
[SourceTitle "EXT 2022"]
[Source "ChessBase"]
[SourceDate "2021.10.06"]
[SourceVersion "1"]
[SourceVersionDate "2021.10.06"]
[SourceQuality "1"]

1. e4 d5 2. exd5 Qxd5 3. Nc3 Qd6 4. d4 Nf6 5. Bc4 c6 6. h3 Bf5 7. Nf3 Nbd7 8. 0-0 e6 9. Re1 Be7 10. Bg5 h6 11. Bh4 0-0 12. Bd3 Bxd3 13. Qxd3 Qc7 14. Ne4 Nxe4 15. Bxe7 Rfe8 16. Bh4 Nef6 17. Ne5 c5 18. Bg3 Qb6 19. Nxd7 Nxd7 20. dxc5 Nxc5 21. Qd6 Qxd6 22. Bxd6 Rac8 23. Bxc5 Rxc5 24. c3 Rd8 25. Rad1 Rdd5 26. Kf1 Kf8 27. Rxd5 Rxd5 28. Ke2 Ke7 29. Rd1 Kd6 30. Rxd5+ Kxd5 31. Kd3 e5 32. f3 1/2-1/2

[Event "Managua Torre del Rey op"]
[Site "Managua"]
[Date "2020.09.19"]
[Round "1"]
[White "Espinoza Guerrero, Felix Alberto"]
[Black "Espinoza, Jose"]
[Result "0-1"]
[WhiteElo "1266"]
[BlackElo "2098"]
[PlyCount "58"]
[EventDate "2020.09.19"]
[EventType "swiss"]
[EventRounds "9"]
[EventCountry "NCA"]
[SourceTitle "EXT 2021"]
[Source "ChessBase"]
[SourceDate "2020.10.23"]
[SourceVersion "1"]
[SourceVersionDate "2020.10.23"]
[SourceQuality "1"]

1. e4 d5 2. exd5 Qxd5 3. Nc3 Qd6 4. d4 Nf6 5. Nf3 c6 6. Be2 Bf5 7. 0-0 e6 8. Bg5 Nbd7 9. Re1 Qc7 10. h3 Bb4 11. Bd3 Bxd3 12. Qxd3 0-0 13. Ne5 Rfe8 14. Re2 Nd5 15. Nxd5 exd5 16. Qf5 f6 17. Nxd7 Rxe2 18. Bxf6 gxf6 19. Qg4+ Kh8 20. Qxe2 Qxd7 21. c4 Re8 22. Qf3 Qe6 23. c5 Ba5 24. a3 Bc7 25. Qc3 Qf5 26. Kf1 Qf4 27. g3 Qe4 28. f3 Qe2+ 29. Kg1 Bxg3 0-1

[Event "Online Olym Div3 E"]
[Site "Chess.com INT"]
[Date "2020.08.08"]
[Round "4.3"]
[White "Espinoza, Jose"]
[Black "Arias, Daniel1111"]
[Result "0-1"]
[WhiteElo "2098"]
[BlackElo "2285"]
[PlyCount "102"]
[EventDate "2020.08.07"]
[EventType "team-tourn (rapid)"]
[EventRounds "9"]
[EventCountry "USA"]
[SourceTitle "CBM 198"]
[Source "ChessBase"]
[SourceDate "2020.10.31"]
[SourceVersion "1"]
[SourceVersionDate "2020.10.31"]
[SourceQuality "1"]
[WhiteTeam "Nicaragua"]
[BlackTeam "El Salvador"]
[WhiteTeamCountry "NCA"]
[BlackTeamCountry "ESA"]

1. e4 c5 2. Nf3 d6 3. d4 cxd4 4. Nxd4 Nf6 5. Nc3 a6 6. Bg5 e6 7. f4 h6 8. Bh4 Qb6 9. Qd2 Qxb2 10. Rb1 Qa3 11. Be2 Qa5 12. 0-0 Be7 13. Kh1 Nxe4 14. Nxe4 Qxd2 15. Nxd2 Bxh4 16. Nc4 Ke7 17. Nb6 Ra7 18. Bf3 Bf6 19. Rfd1 d5 20. Nb3 Nd7 21. Na5 Nxb6 22. Rxb6 Bc3 23. Nb3 Bd7 24. f5 Rc8 25. fxe6 fxe6 26. Be2 Rc7 27. Bd3 Ra8 28. Rf1 Rf8 29. Rxf8 Kxf8 30. Nc1 Bd4 31. Rb4 Be5 32. Ne2 b5 33. Rb1 Ke7 34. Ng1 Bf6 35. Nh3 e5 36. Bg6 Be6 37. Rd1 Rc5 38. Kg1 Bxh3 39. gxh3 e4 40. Rd2 Bg5 41. Re2 Kf6 42. Be8 Ke5 43. Kf1 Rc3 44. Bd7 Ra3 45. Rg2 Rxa2 46. Ke1 Rb2 47. Bg4 a5 48. Bd1 a4 49. Ke2 a3 50. Rg3 b4 51. h4 Bf6 0-1

[Event "NCA-ch"]
[Site "Managua"]
[Date "2020.03.22"]
[Round "11"]
[White "Picado, Jorge Luis"]
[Black "Espinoza, Jose"]
[Result "1-0"]
[WhiteElo "2235"]
[BlackElo "2088"]
[PlyCount "49"]
[EventDate "2020.02.29"]
[EventType "tourn"]
[EventRounds "11"]
[EventCountry "NCA"]
[SourceTitle "CBM 195 Extra"]
[Source "ChessBase"]
[SourceDate "2020.05.31"]
[SourceVersion "1"]
[SourceVersionDate "2020.05.31"]
[SourceQuality "1"]

1. e4 d5 2. exd5 Qxd5 3. Nc3 Qa5 4. d4 Nf6 5. Nf3 Bf5 6. Bc4 Nbd7 7. 0-0 e6 8. Bd2 c6 9. Re1 Bb4 10. a3 Bxc3 11. Bxc3 Qc7 12. Bd3 Bxd3 13. Qxd3 0-0 14. Ne5 Rad8 15. f4 c5 16. Qc4 Rfe8 17. b4 b6 18. dxc5 bxc5 19. Rad1 Qb6 20. bxc5 Nxc5 21. Bd4 Rc8 22. Qe2 Qb7 23. Nc4 Re7 24. Bxf6 gxf6 25. Nd6 1-0

[Event "NCA-ch"]
[Site "Managua"]
[Date "2020.03.01"]
[Round "2"]
[White "Rocha, Maximiliano"]
[Black "Espinoza, Jose"]
[Result "0-1"]
[WhiteElo "2091"]
[BlackElo "2088"]
[PlyCount "126"]
[EventDate "2020.02.29"]
[EventType "tourn"]
[EventRounds "11"]
[EventCountry "NCA"]
[SourceTitle "CBM 195 Extra"]
[Source "ChessBase"]
[SourceDate "2020.05.31"]
[SourceVersion "1"]
[SourceVersionDate "2020.05.31"]
[SourceQuality "1"]

1. e4 c5 2. c3 d5 3. exd5 Qxd5 4. Nf3 Bg4 5. Be2 Nf6 6. d4 e6 7. 0-0 Nc6 8. Be3 cxd4 9. cxd4 Be7 10. Nc3 Qa5 11. h3 Bh5 12. a3 0-0 13. b4 Qd8 14. Qb3 Qd6 15. Rfd1 Rfd8 16. Nb5 Qd7 17. Ne5 Qc8 18. Bxh5 Nxh5 19. Rac1 Nf6 20. d5 Nxd5 21. Nd4 Nxd4 22. Bxd4 Qb8 23. Ng4 Qf4 24. Qb2 h5 25. Ne3 Nxe3 26. Bxe3 Rxd1+ 27. Rxd1 Qc7 28. Qe2 a5 29. Qxh5 axb4 30. axb4 Bxb4 31. Qb5 Bc3 32. Bb6 Qc6 33. Qxc6 bxc6 34. Kh2 Rc8 35. Rc1 Be5+ 36. g3 Bd6 37. Kg2 c5 38. Rd1 Be5 39. f4 Bd4 40. Rc1 Kf8 41. Kf3 Ke7 42. Ke4 f5+ 43. Kd3 Kd6 44. Kc4 Ra8 45. Kb5 Kd5 46. Rd1 Rb8 47. g4 g6 48. gxf5 exf5 49. h4 Ke4 50. Kc6 Rc8+ 51. Kd7 Rh8 52. Kd6 Rxh4 53. Bxc5 Bxc5+ 54. Kxc5 Kxf4 55. Rg1 Rg4 56. Re1 Kf3 57. Kd5 Kf2 58. Re6 f4 59. Ke4 f3+ 60. Kd3 Rg1 61. Rf6 g5 62. Ke4 g4 63. Rf4 Rg2 0-1

[Event "NCA-ch sf"]
[Site "Managua"]
[Date "2020.02.22"]
[Round "7"]
[White "Arevalo Lopez, Josue"]
[Black "Espinoza, Jose"]
[Result "1-0"]
[WhiteElo "2006"]
[BlackElo "2102"]
[PlyCount "62"]
[EventDate "2020.02.08"]
[EventType "swiss"]
[EventRounds "9"]
[EventCountry "NCA"]
[SourceTitle "EXT 2021"]
[Source "ChessBase"]
[SourceDate "2020.10.23"]
[SourceVersion "1"]
[SourceVersionDate "2020.10.23"]
[SourceQuality "1"]

1. d4 Nf6 2. c4 g6 3. Nc3 Bg7 4. Nf3 0-0 5. e4 d6 6. Be2 e5 7. 0-0 Nc6 8. d5 Ne7 9. Ne1 Nd7 10. Be3 f5 11. f3 f4 12. Bf2 Nf6 13. Rc1 Rf7 14. c5 g5 15. cxd6 cxd6 16. Nb5 Ng6 17. Nxa7 Bd7 18. Qb3 g4 19. Bb6 Qe7 20. Rc7 g3 21. h3 Ne8 22. Rxb7 Qh4 23. Rxd7 Rxd7 24. Nc6 Rb7 25. a4 Nf8 26. a5 Nd7 27. Nc2 Bf6 28. Na3 Nxb6 29. a6 Rba7 30. Nxa7 Bd8 31. Nc6 Qh6 1-0

[Event "Managua Hurtado Memorial 19th"]
[Site "Managua"]
[Date "2019.12.29"]
[Round "7"]
[White "Espinoza, Jose"]
[Black "Cepeda Garcia, Juan Tomas"]
[Result "1-0"]
[WhiteElo "2070"]
[BlackElo "1967"]
[PlyCount "62"]
[EventDate "2019.12.26"]
[EventType "swiss"]
[EventRounds "9"]
[EventCountry "NCA"]
[SourceTitle "CBM 195 Extra"]
[Source "ChessBase"]
[SourceDate "2020.05.31"]
[SourceVersion "1"]
[SourceVersionDate "2020.05.31"]
[SourceQuality "1"]

1. e4 c5 2. Nf3 d6 3. d4 cxd4 4. Nxd4 Nf6 5. Nc3 Nc6 6. Bc4 e6 7. Bb3 Be7 8. Be3 0-0 9. f4 a6 10. Qf3 Qc7 11. 0-0-0 Nxd4 12. Rxd4 b5 13. f5 e5 14. Rd2 Bb7 15. g4 b4 16. Nd5 Bxd5 17. Bxd5 Nxd5 18. exd5 Rfc8 19. g5 Qc4 20. Kb1 Qh4 21. Rg1 Rc4 22. g6 fxg6 23. fxg6 hxg6 24. Rdg2 Rf8 25. Qd1 Rf2 26. Rxg6 Bf8 27. Rh6 Qe7 28. Qh5 Rf1+ 29. Rxf1 gxh6 30. Qg6+ Bg7 31. Bxh6 Kh8 1-0